Sri Lanka City Quiz - Statistics

General Stats
  • This quiz has been taken 70 times
  • The average score is 2 of 8
Answer Stats
City % Correct
Colombo
100%
Sri Jayawardenapura Kotte
42%
Negombo
37%
Dehiwala
14%
Moratuwa
9%
Maharagama
7%
Kesbewa
5%
Battaramulla
4%
No matching quizzes found
Score Distribution
Percent of People with Each Score
Percentile by Number Answered
Your Score History
You have not taken this quiz